| Tag |
First Indicator |
Second Indicator |
Subfields |
| LEADER |
00000cam a2200000Mi 4500 |
| 001 |
in00003516607 |
| 006 |
m o d |
| 007 |
cr cnu---unuuu |
| 008 |
141016t20142014enka ob 001 0 eng d |
| 005 |
20250816213145.5 |
| 020 |
|
|
|a 9781781006818
|q electronic bk.
|
| 020 |
|
|
|a 1781006814
|q electronic bk.
|
| 020 |
|
|
|a 1322155070
|q electronic bk.
|
| 020 |
|
|
|a 9781322155074
|q electronic bk.
|
| 035 |
|
|
|a (NhCcYBP)ebr10945139
|
| 040 |
|
|
|a NhCcYBP
|c NhCcYBP
|d UtOrBLW
|
| 050 |
|
4 |
|a HG3821
|b .M55 2014
|
| 072 |
|
7 |
|a BUS
|x 027000
|2 bisacsh
|
| 082 |
0 |
4 |
|a 332.45
|2 23
|
| 100 |
1 |
|
|a Miller, Norman C.,
|d 1939-
|e author.
|0 http://id.loc.gov/authorities/names/n81105462
|
| 245 |
1 |
0 |
|a Exchange rate economics :
|b the uncovered interest parity puzzle and other anomalies /
|c Norman C. Miller.
|
| 264 |
|
1 |
|a Cheltenham, UK :
|b Edward Elgar,
|c [2014]
|
| 264 |
|
4 |
|c ©2014
|
| 300 |
|
|
|a 1 online resource.
|
| 336 |
|
|
|a text
|b txt
|2 rdacontent
|
| 337 |
|
|
|a computer
|b c
|2 rdamedia
|
| 338 |
|
|
|a online resource
|b cr
|2 rdacarrier
|
| 504 |
|
|
|a Includes bibliographical references (pages 184-196) and index.
|
| 588 |
0 |
|
|a Print version record.
|
| 500 |
|
|
|a Electronic resource.
|
| 650 |
|
0 |
|a Foreign exchange.
|0 http://id.loc.gov/authorities/subjects/sh85050496
|
| 655 |
|
7 |
|a Electronic books.
|2 local
|
| 710 |
2 |
|
|a ebrary, Inc.
|0 http://id.loc.gov/authorities/names/no2007088509
|
| 776 |
1 |
8 |
|i Print version:
|a Miller, Norman C., 1939- author.
|t Exchange rate economics
|z 9781781006801
|
| 856 |
4 |
1 |
|u https://ebookcentral.proquest.com/lib/tamucs/detail.action?docID=1794589
|y Connect to the full text of this electronic book
|t 0
|
| 955 |
|
|
|a YBP purchased DDA e-records
|
| 980 |
|
|
|b 132.00
|g 1
|
| 987 |
|
|
|a ybp12042667
|
| 999 |
f |
f |
|s 1c01ef11-f596-36d3-9b4d-8b4a013b3379
|i 92417b1a-d92f-3dc0-9ddb-ec3c4d261e2b
|t 0
|
| 952 |
f |
f |
|a Texas A&M University
|b College Station
|c Electronic Resources
|d Available Online
|t 0
|e HG3821 .M55 2014
|h Library of Congress classification
|
| 998 |
f |
f |
|a HG3821 .M55 2014
|t 0
|l Available Online
|